000 00372nam a2200157Ia 4500
003 OSt
005 20240613122700.0
008 170523s9999 xx 000 0 und d
020 _a935202186X
040 _ciimtu
100 _aSHERLEKAR- SA
245 0 _aMODERN BUSINESS ORGANISATIONAL AND MANAGEMENT
260 _bHIMALAYA PUBLICATION
260 _c1995
942 _2ddc
_c02
999 _c151
_d151